000 01046cam a2200325 a 4500
001 2105
005 20240221115039.0
020 _a9780061704024
040 _aDLC
_cDLC
_dDLC
_beng
050 0 0 _aPZ7.G9846
_bMwl 2011
082 0 0 _a813.54
_222
100 1 _aGutman, Dan
245 1 0 _aMs. Leakey is freaky! /
_cby Gutman, Dan ; pictures by Paillot, Jim
250 _aFirst edition
260 _aNew York :
_bHarper,
_c2011 .
300 _a102 pages :
_billustrations ;
_c20 cm.
490 0 _aMy weird school daze ;
_v12
505 _aM
520 _aElla Mentry School hires a health teacher who tries to force the students to eat healthy foods and exercise, whether they want to or not.
521 1 _a550
_bLexile
521 1 _aM
_bRaz-Plus
650 1 _aSchools
_vFiction.
650 1 _aHealth
_vFiction.
650 1 _aFood habits
_vFiction.
650 1 _aExercise
_vFiction.
650 1 _aHumorous stories.
700 1 _aPaillot, Jim
_eillustrator
906 _a7
_bcbc
_corignew
_d1
_eecip
_f20
_gy-gencatlg
942 _2ddc
_cBK
_n0
999 _c2105
_d2105